Party and professionals : the political role of teachers in contemporary China /

Bibliographic Details
Main Author: White, Gordon, 1942-
Format: Book
Language:English
Published: Armonk, N.Y. : M.E. Sharpe, [1981]
Subjects:

MARC

Tag First Indicator Second Indicator Subfields
LEADER 00000pam a2200000 a 4500
001 in00000074895
005 20151008054821.0
008 810417s1981 nyu b 00010 eng
010 |a  81005256  
020 |a 087332188X 
035 |a (OCoLC)07462176 
035 |9 AAJ1769AM 
039 0 |a 2  |b 3  |c 3  |d 3  |e 3 
040 |a DLC  |c DLC  |d TXA  |d UtOrBLW 
043 |a a-cc--- 
049 |a TXAM  |c [1361521] 
050 0 0 |a LB2844.1.P6  |b W48 
082 0 |a 371.1/04  |2 19 
100 1 |a White, Gordon,  |d 1942- 
245 1 0 |a Party and professionals :  |b the political role of teachers in contemporary China /  |c Gordon White. 
264 1 |a Armonk, N.Y. :  |b M.E. Sharpe,  |c [1981] 
264 4 |c ©1981 
300 |a x, 361 pages ;  |c 24 cm. 
336 |a text  |b txt  |2 rdacontent 
337 |a unmediated  |b n  |2 rdamedia 
338 |a volume  |b nc  |2 rdacarrier 
504 |a Includes bibliographical references. 
650 0 |a Teachers  |z China  |x Political activity. 
650 0 |a Teachers  |x Social conditions  |z China. 
650 0 |a Communism and education. 
999 |a MARS 
999 f f |s 4cee31a8-111f-3132-a241-06a1c4577118  |i 5313b23a-f8f5-36d8-85a3-7ec70b050025  |t 0 
952 f f |p ric  |a Texas A&M University  |b Rellis Campus  |c Joint Library Facility  |d Remote Storage  |t 0  |e LB2844.1.P6 W48  |h Library of Congress classification  |i unmediated -- volume  |m A14806162459 
998 f f |a LB2844.1.P6 W48  |t 0  |l Remote Storage